Active skills for reading

Na minha lista:
Detalhes bibliográficos
Autor principal: Anderson, Neil J.
Formato: Livro
Idioma:Undetermined
Publicado em: Boston, MA Thomson ELT 2007
Assuntos:
Tags: Adicionar Tag
Sem tags, seja o primeiro a adicionar uma tag!
Thư viện lưu trữ: Trung tâm Học liệu Trường Đại học Cần Thơ
LEADER 00566nam a2200205Ia 4500
001 CTU_128048
008 210402s9999 xx 000 0 und d
020 |c 102000 
082 |a 428.64 
082 |b A548/T2 
100 |a Anderson, Neil J. 
245 0 |a Active skills for reading 
245 0 |c Neil J. Anderson 
260 |a Boston, MA 
260 |b Thomson ELT 
260 |c 2007 
650 |a English language,English language 
650 |x Textbooks for foreign speakers,Readers 
904 |i Minh 
980 |a Trung tâm Học liệu Trường Đại học Cần Thơ